00822 a2200181 4500020003000000020002700030050001900057100002500076245025200101250002200353264006200375300002400437500005100461504005100512650002300563650002300586700003100609 a9780199580408 (paperback) a0199580405 (paperback)00aKD750 LOW 20151 aLowe, N. V.eauthor.10aBromley's family law /cby N. V. Lowe, LLB (Shffield) of the Inner Temple LLD (Cardiff), barrister, Emeritus Professor of Law at Cardiff University; G. Douglas, LLB (Manchester), LLM (London), LLD (Cardiff), Professor of Law at Cardiff University. aEleventh edition. 1aOxford, United Kingdom :bOxford University Press,c2015. acviii, 1127 pages ; aIncludes bibliographical references and index. aIncludes bibliographical references and index. 0aDomestic relations 0aDomestic relations1 aDouglas, Gillian,eauthor.